Will Ferrell Movies - Sudden Death - Statistics

General Stats
  • This quiz has been taken 907 times
  • The average score is 10 of 22
Answers on the Grid
Answers color-coded by a green-red scale on the quiz's grid according to % correct below.
Elf
Old School
Zoolander
Anchorman: The Legend of Ron Bergundy
Wedding Crashers
Talladega Nights: The Ballad of Ricky Bobby
Curious George
Bewitched
Melinda and Melinda
The Producers
Step Brothers
Everything Must Go
Stranger Than Fiction.
Megamind
The Other Guys
The Campaign
The Lego Movie
A Night at the Roxbury
Superstar
Austin Powers: The Spy Who Shagged Me
Jay and Silent Bob Strike Back
Barbie
Orange County
Tropic Thunder
The Cable Guy
Madagascar 3: Europe's Most Wanted
Hubie Halloween
Sandy Wexler
Pixels
Hotel Transylvania
The Santa Clause 3: The Escape Clause
Robots
The Iron Giant
Bumblebee
How the Grinch Stole Christmas
The Polar Express
Free Guy
 
Answer Stats
Answer % Correct
Elf
89%
Step Brothers
81%
Anchorman: The Legend of Ron Bergundy
77%
Talladega Nights: The Ballad of Ricky Bobby
69%
The Other Guys
62%
Zoolander
59%
Old School
53%
The Lego Movie
50%
Megamind
49%
Barbie
46%
A Night at the Roxbury
43%
Wedding Crashers
43%
Bewitched
40%
Stranger Than Fiction.
33%
The Campaign
31%
Austin Powers: The Spy Who Shagged Me
30%
Everything Must Go
23%
Superstar
21%
Curious George
19%
The Producers
18%
Jay and Silent Bob Strike Back
11%
Melinda and Melinda
11%
No matching quizzes found
Score Distribution
Percent of People with Each Score
Percentile by Number Answered
Your Score History
You have not taken this quiz